Statistiche per Riconosci il Trasferimento - Quiz n°14

Clicka qui per fare il quiz!

Statistiche generali

  • Questo quiz è stato fatto 322 volte
  • Il punteggio medio è 11 su 20

Statistiche sulle risposte

RuoloNazioneTrasferimentiCalciatore% Corretto
CentrocampistaItaliaPescara 2008 - Paris Saint-Germain 2012Marco Verratti
99%
AttaccanteNorvegiaBryne 2 2015 - Bryne 2016 - Molde 2 2017 - Molde 2017 - Red Bull Salisburgo 2019 - Borussia Dortmund 2020 - Manchester City 2022Erling Haaland
92%
AttaccanteBelgioAnderlecht 2009 - Chelsea 2011 - West Bromwich 2012 - Chelsea 2013 - Everton 2013 - Manchester United 2017 - Inter 2019 - Chelsea 2021 - Inter 2022Romelu Lukaku
87%
CentrocampistaFranciaBoulogne 2012 - Caen 2013 - Leicester City 2015 - Chelsea 2016N'Golo Kanté
81%
PortierePoloniaJagiellonia 2013 - Fiorentina 2016 - Empoli 2019 - Fiorentina 2019 - Spezia 2022Bartłomiej Drągowski
74%
PortiereAlbaniaLazio 2013 - Salernitana 2015 - Lazio 2016 - Brentford 2022Thomas Strakosha
72%
AttaccantePortogalloPaços de Ferreira 2014 - Atletico Madrid 2016 - Porto 2016 - Wolverhampton 2017 - Liverpool 2020Diogo Jota
69%
Centrocampista / AttacanteGiapponeCerezo Osaka 2012 - Red Bull Salisburgo 2015 - Liverpool 2020 - Southampton 2021 - Liverpool 2021 - Monaco 2022Takumi Minamino
63%
AttaccanteGermaniaStoccarda II 2003 - Stoccarda 2004 - Bayern Monaco 2009 - Fiorentina 2013 - Beşiktaş 2015 - Wolfsburg 2016 - Stoccarda 2018Mario Gómez
61%
Difensore / CentrocampistaBrasileGrêmio 2005 - Liverpool 2007 - Lazio 2017 - Grêmio 2022Lucas Leiva
60%
CentrocampistaUruguayPescara 2014 - Sampdoria 2016 - Arsenal 2018 - Atletico Madrid 2020 - Fiorentina 2021 - Galatasaray 2022Lucas Torreira
59%
PortiereItaliaSeregno 2010 - Poggibonsi 2011 - Carpi 2012 - Atalanta 2013 - Fiorentina 2017 - Frosinone 2018 - Atalanta 2019Marco Sportiello
58%
CentrocampistaGuineaSan Marino 2015 - Bologna 2015 - Napoli 2016 - Roma 2019 - Anderlecht 2022Amadou Diawara
48%
AttaccanteDanimarcaEsbjerg 2009 - Tolosa 2013 - Middlesbrough 2017 - Bordeaux 2018 - Middlesbrough 2018 - Leganés 2019 - Barcellona 2020 - Espanyol 2022Martin Braithwaite
48%
DifensoreCroaziaLokomotiva Zagabria 2009 - Dinamo Zagabria 2009 - Genoa 2013 - Sassuolo 2014 - Atletico Madrid 2016 - Inter 2018 - Atletico Madrid 2019 - Olympiakos 2022Šime Vrsaljko
42%
Centrocampista / AttaccanteGiapponeShimizu S-Pulse 2005 - Stoccarda 2011 - Magonza 2013 - Leicester City 2015 - Huesca 2019 - FC Cartagena 2021 - Sint-Truiden 2022Shinji Okazaki
37%
DifensoreGermaniaEverton 2009 - Sampdoria 2012 - Valencia 2014 - Arsenal 2016 - Schalke 04 2021 - Levante 2021Shkodran Mustafi
31%
CentrocampistaInghilterraWest Ham Utd 1998 - Swindon Twon 1999 - Birmingham City 1999 - West Ham Utd 2000 - Tottenham 2004 - Manchester United 2006Michael Carrick
20%
AttaccantePerùAllianz Lima 2001 - PSV 2004 - Schalke 04 2008 - Al-Jazira 2015 - Lokomotiv Mosca 2017 - Allianz Lima 2021Jefferson Farfán
13%
AttaccanteGreciaHeerenveen 2002 - Manchester City 2006 - Celtci 2008 - West Bromwich 2014 - Al-Hilal 2015 - Rayo Oklahoma City 2016 - Real Saragozza 2017 - Samsunspor 2017Giōrgos Samaras
12%

Distribuzione punteggi

Percentile per numero di risposta

Percentuale di utenti per punteggio

I tuoi punteggi nel tempo

Non hai fatto questo quiz